00820nam a22002057a 4500999001900000005001700019010001300036020002600049035001200075037001600087082001100103100002900114245011800143246005100261260005300312270005900365300002100424942003100445952013800476 c192025d19202520220909105212.0 aUR-11716 a9789393785428c500.00 aU-10271 bDBAD/PUBa- a840.08 aشیخ عبد الغنی aدکن اور دکنیات :bتحقیقی و تنقیدی مضا مین /cشیخ عبد الغنیhا ر د و aDeccan aur Deccaniyat /bby Shaikh Abdul Ghani aNew DelhibEducational Publishing Housec2022 ء aH.o. D1/16, Ansari Road, Darya GanjbNew Delhie110002 a232 صc23cm(Hb) 2ddccURh840.08mش ی خ  001040708NFICaZLSbZLSd2022-09-09eDBAD/PUBg500.00l0o840.08 ش ی خpU-10271r2022-09-09 00:00:00t1v500.00w2022-09-09yUR